000 00298nam a22001337a 4500
008 170314b xxu||||| |||| 00| 0 eng d
020 _a9780877192633
041 _aeng
080 _a591
100 _a7
101 _ashm
245 _aA FIELD GUIDE TO TEXAS INSENCTS
_cDREES, B.M
942 _2udc
_cBK
999 _c7780
_d7780